| 000 | 00859nam a22002297a 4500 | ||
|---|---|---|---|
| 003 | OSt | ||
| 005 | 20201207113643.0 | ||
| 008 | 201207s1970 sp ||||gr|||| 00| 0 spa d | ||
| 040 |
_aCO-JMCR _cCO-JMCR |
||
| 041 | 0 | _aspa | |
| 082 | 0 | 4 |
_a155.2844 / _bP853c _223 |
| 100 | 1 |
_aPortuondo, Juan A., _eautor _912451 |
|
| 245 | 1 | 0 |
_aCuatro técnicas en el test de apercepción temática y la autobiografía como técnica proyectiva / _cJuan A. Portuondo |
| 260 |
_aMadrid : _bAlmagro, _c1970 |
||
| 300 |
_a113 páginas ; _c24 cm. |
||
| 500 | _aBibliografía : páginas (115). | ||
| 505 | _aCuatro técnicas en el test de apercepción temática -- La autobiografía como técnica proyectiva | ||
| 650 | 2 | 4 |
_aPrueba de apercepción temática _912452 |
| 650 | 2 | 4 |
_aAutobiografías como tema _912453 |
| 650 | 2 | 4 |
_aTécnicas proyectivas _912454 |
| 942 |
_2ddc _cBK |
||
| 999 |
_c7023 _d7023 |
||